[Event "DEM U12/U12w 2003"]
[Site "Willingen GER"]
[Date "2003.06.09"]
[Round "3"]
[White "Wendling, Hannes"]
[Black "Zehnter, Sebastian"]
[Result "1/2-1/2"]
[Termination "normal"]
[Board "5"]
[WhiteElo "1652"]
[BlackElo "1750"]
[PlyCount "80"]
[WhiteFideId "24624284"]
[BlackFideId "24608670"]
[EventCountry "GER"]
[EventRounds "11"]
[EventType "swiss"]
[EventDate "2003.06.07"]

1. c4 Nf6 2. d4 e6 3. Nc3 d5 4. Bg5 Be7 5. Nf3 O-O 6. e3 c6 7. cxd5 exd5 8. Bd3
h6 9. Bh4 Nbd7 10. Qc2 Ne8 11. Bg3 a6 12. O-O Nd6 13. Rab1 Re8 14. Ne2 Nf6 15.
h3 Bd7 16. Rfc1 Nfe4 17. Bh2 Qc8 18. a4 Bf8 19. b4 f6 20. Rb2 b5 21. axb5 axb5
22. Bxe4 Nxe4 23. Nd2 Nd6 24. Bxd6 Bxd6 25. Nf3 Ra6 26. Ne1 Qa8 27. Nd3 Bf5 28.
Qd2 Bxd3 29. Qxd3 Qb7 30. Qd2 Rea8 31. Rcb1 Ra1 32. Nc1 Rxb1 33. Rxb1 Qa6 34.
Nd3 Qa2 35. Qxa2 Rxa2 36. Nc5 Bxc5 37. dxc5 Kf7 38. Rd1 f5 39. g3 Ke6 40. Kg2
Ke5 1/2-1/2

[Event "DEM U12/U12w 2003"]
[Site "Willingen GER"]
[Date "2003.06.09"]
[Round "3"]
[White "Sörös, Martin-Wolfgang"]
[Black "Kaczmarczyk, Dennis"]
[Result "1-0"]
[Termination "normal"]
[Board "7"]
[WhiteElo "1619"]
[BlackElo "1715"]
[PlyCount "43"]
[BlackFideId "24608297"]
[EventCountry "GER"]
[EventRounds "11"]
[EventType "swiss"]
[EventDate "2003.06.07"]

1. d4 Nf6 2. Nc3 e6 3. e4 Bb4 4. Bd3 d5 5. e5 Nfd7 6. Qg4 c5 7. Qxg7 Rf8 8. a3
Qa5 9. Bd2 cxd4 10. Ne4 Bxd2+ 11. Nxd2 Nc6 12. Ngf3 Nc5 13. Bxh7 Ne4 14. b4
Nxb4 15. Bxe4 dxe4 16. Nxd4 Nd5 17. N4b3 Qc3 18. O-O e3 19. Ne4 exf2+ 20. Rxf2
Qe3 21. Nf6+ Ke7 22. Raf1 1-0

[Event "DEM U12/U12w 2003"]
[Site "Willingen GER"]
[Date "2003.06.09"]
[Round "3"]
[White "Roitzsch, Philipp"]
[Black "Jussupow, Ekaterina"]
[Result "0-1"]
[Termination "normal"]
[Board "8"]
[WhiteElo "1612"]
[BlackElo "1709"]
[PlyCount "82"]
[WhiteFideId "24635529"]
[BlackFideId "24625400"]
[EventCountry "GER"]
[EventRounds "11"]
[EventType "swiss"]
[EventDate "2003.06.07"]

1. e4 e5 2. Nf3 Nc6 3. Bb5 g6 4. Nc3 Bg7 5. d3 h6 6. O-O Nge7 7. Re1 O-O 8. Nd5
d6 9. Bd2 Bg4 10. c3 Kh7 11. h3 Be6 12. Ne3 f5 13. Bc4 Bxc4 14. Nxc4 fxe4 15.
dxe4 g5 16. Nh2 Ng6 17. Qc2 Qd7 18. Ne3 Rf7 19. Nf5 Nce7 20. g4 Raf8 21. Nf1
Nh4 22. Re3 Nexf5 23. exf5 Qc6 24. Re4 Nf3+ 25. Kg2 d5 26. Re3 e4 27. Nh2 d4
28. Rxe4 Nxd2 29. Qxd2 Qxe4+ 30. Nf3 dxc3 31. bxc3 Re8 32. Re1 Qc6 33. Rd1 Bxc3
34. Qd3 Bg7 35. Qb3 Rd7 36. Rd3 Rxd3 37. Qxd3 Qd6 38. Qb1 Kh8 39. Qxb7 Qb6 40.
Qd5 Re2 41. Nd4 Qxd4 0-1

[Event "DEM U12/U12w 2003"]
[Site "Willingen GER"]
[Date "2003.06.09"]
[Round "3"]
[White "Jorczik, Julian"]
[Black "Medlin, Paul"]
[Result "1/2-1/2"]
[Termination "normal"]
[Board "9"]
[WhiteElo "1682"]
[BlackElo "1611"]
[PlyCount "110"]
[WhiteFideId "24611719"]
[EventCountry "GER"]
[EventRounds "11"]
[EventType "swiss"]
[EventDate "2003.06.07"]

1. d4 Nf6 2. c4 g6 3. Nc3 Bg7 4. e4 d6 5. f4 O-O 6. Nf3 Bg4 7. Be2 Nbd7 8. O-O
c5 9. d5 Nb6 10. h3 Bxf3 11. Rxf3 Nfd7 12. Rg3 f5 13. exf5 Rxf5 14. Bg4 Rf8 15.
Be6+ Kh8 16. Qg4 Nf6 17. Qh4 Nh5 18. Rg5 Bf6 19. f5 Qe8 20. g4 Bxg5 21. Bxg5
Nf6 22. fxg6 Qxg6 23. Bf5 Qf7 24. Ne2 Nxc4 25. Nf4 Ne5 26. Rf1 Qg8 27. Be6 Rf7
28. Bxf6+ exf6 29. Nh5 Qg5 30. Qxg5 fxg5 31. Bxf7 Rf8 32. Be6 Rxf1+ 33. Kxf1
Nd3 34. Nf6 Nxb2 35. Ne4 Nc4 36. Nxg5 b5 37. Ke2 a5 38. Bd7 b4 39. Bb5 Nb6 40.
Nf7+ Kg7 41. Nxd6 Nxd5 42. Ne4 Kg6 43. Nxc5 Nc3+ 44. Kd3 Nxb5 45. Nb3 a4 46.
Nc5 Nc3 47. a3 Nd5 48. axb4 Nxb4+ 49. Ke4 a3 50. Nb3 Nc2 51. Nc1 Nb4 52. Nb3
Nc2 53. Kd3 h5 54. Kxc2 hxg4 55. hxg4 Kg5 1/2-1/2

[Event "DEM U12/U12w 2003"]
[Site "Willingen GER"]
[Date "2003.06.09"]
[Round "3"]
[White "Seyb, Alexander"]
[Black "Zahn, Benno"]
[Result "1-0"]
[Termination "normal"]
[Board "10"]
[WhiteElo "1807"]
[BlackElo "1529"]
[PlyCount "71"]
[WhiteFideId "4699033"]
[BlackFideId "24636070"]
[EventCountry "GER"]
[EventRounds "11"]
[EventType "swiss"]
[EventDate "2003.06.07"]

1. e4 c5 2. Nf3 d6 3. d4 cxd4 4. Nxd4 g6 5. Nc3 Bg7 6. Be3 Nf6 7. f3 Bd7 8. Qd2
Nc6 9. Bc4 Rc8 10. Bb3 a6 11. O-O-O Qc7 12. g4 b5 13. h4 h5 14. g5 Nh7 15. Nxc6
Qxc6 16. Bd4 f6 17. Rhg1 Nf8 18. Nd5 Ne6 19. gxf6 Nxd4 20. Qxd4 Bh6+ 21. Kb1 e5
22. Qd3 Qc5 23. f7+ Kd8 24. Rxg6 Be6 25. Rxh6 Rxh6 26. f8=Q+ Kd7 27. Qxh6 Re8
28. Nf6+ Kd8 29. Nxe8 Bxb3 30. Qdxd6+ Qxd6 31. Rxd6+ Kxe8 32. cxb3 b4 33. Qe6+
Kf8 34. Rd8+ Kg7 35. Rg8+ Kh7 36. Qg6# 1-0

[Event "DEM U12/U12w 2003"]
[Site "Willingen GER"]
[Date "2003.06.09"]
[Round "3"]
[White "Park, Johannes"]
[Black "Gölz, Daniel"]
[Result "0-1"]
[Termination "normal"]
[Board "11"]
[WhiteElo "1396"]
[BlackElo "1682"]
[PlyCount "86"]
[BlackFideId "24626325"]
[EventCountry "GER"]
[EventRounds "11"]
[EventType "swiss"]
[EventDate "2003.06.07"]

1. d4 d5 2. c4 e6 3. Nf3 c6 4. Nc3 dxc4 5. e3 b5 6. Ne5 Nf6 7. Qf3 Qb6 8. a4
Bb7 9. Be2 Nbd7 10. Ne4 Nxe5 11. Nxf6+ gxf6 12. Qxf6 Ng6 13. O-O Be7 14. Qf3
Rg8 15. Bd1 c5 16. Qe2 Nh4 17. g3 Nf3+ 18. Qxf3 Bxf3 19. Bxf3 Rd8 20. Bd1 cxd4
21. axb5 Rd5 22. exd4 Bd6 23. Be3 Bb8 24. Ra6 Qb7 25. Bc2 Rxb5 26. Rfa1 Rxb2
27. Ba4+ Ke7 28. Bc6 Qb3 29. d5 Rb1+ 30. Rxb1 Qxb1+ 31. Kg2 Qe4+ 32. Kg1 exd5
33. Bc5+ Kd8 34. Bxa7 Bxa7 35. Rxa7 Rg6 36. Rd7+ Kc8 37. Bxd5 Qb1+ 38. Kg2 Kxd7
39. Bxc4 Qe4+ 40. f3 Qxc4 41. h4 Qe2+ 42. Kh1 Rxg3 43. h5 Qg2# 0-1

[Event "DEM U12/U12w 2003"]
[Site "Willingen GER"]
[Date "2003.06.09"]
[Round "3"]
[White "Smolkina, Milana"]
[Black "Reipschläger, Tom"]
[Result "1/2-1/2"]
[Termination "normal"]
[Board "12"]
[WhiteElo "1623"]
[BlackElo "1099"]
[PlyCount "58"]
[WhiteFideId "24618780"]
[EventCountry "GER"]
[EventRounds "11"]
[EventType "swiss"]
[EventDate "2003.06.07"]

1. d4 d5 2. e3 Nf6 3. Bd3 Nc6 4. c3 g6 5. Nd2 Bg7 6. f4 Bg4 7. Ngf3 O-O 8. O-O
e6 9. e4 dxe4 10. Nxe4 Nxe4 11. Bxe4 Qd6 12. Be3 Rad8 13. Qa4 Bh6 14. Bxc6 bxc6
15. Ne5 Be2 16. Rf2 Bb5 17. Qxa7 f6 18. Ng4 Bg7 19. Rd2 h5 20. Nf2 f5 21. Nd3
Bxd3 22. Rxd3 e5 23. d5 Rfe8 24. Rad1 cxd5 25. Rxd5 Qxd5 26. Rxd5 Rxd5 27. Qxc7
Rd1+ 28. Kf2 exf4 29. Qxf4 Kh7 1/2-1/2

[Event "DEM U12/U12w 2003"]
[Site "Willingen GER"]
[Date "2003.06.09"]
[Round "3"]
[White "Doberitz, Paul"]
[Black "Fischer, Benjamin"]
[Result "1-0"]
[Termination "normal"]
[Board "13"]
[WhiteElo "1526"]
[BlackElo "1591"]
[PlyCount "63"]
[WhiteFideId "24646130"]
[EventCountry "GER"]
[EventRounds "11"]
[EventType "swiss"]
[EventDate "2003.06.07"]

1. e4 e6 2. d4 d5 3. Nc3 Nf6 4. Bg5 Be7 5. Bxf6 Bxf6 6. Nf3 b6 7. Qd2 Bb7 8.
exd5 Bxd5 9. Nxd5 exd5 10. O-O-O O-O 11. Re1 c5 12. Kb1 Nc6 13. dxc5 bxc5 14.
g4 Rb8 15. b3 c4 16. g5 c3 17. Qc1 Be7 18. h4 Qa5 19. Rxe7 Nxe7 20. Ne5 Rfd8
21. Bd3 d4 22. f4 Rd6 23. h5 Nd5 24. g6 hxg6 25. hxg6 f6 26. Nf7 Kf8 27. Rh8+
Ke7 28. Rxb8 Ra6 29. Rb7+ Kf8 30. Bxa6 Qxa6 31. Rd7 Nb4 32. Rd8+ 1-0

[Event "DEM U12/U12w 2003"]
[Site "Willingen GER"]
[Date "2003.06.09"]
[Round "3"]
[White "Korman, Maxim"]
[Black "Göpel, Martin"]
[Result "1-0"]
[Termination "normal"]
[Board "14"]
[WhiteElo "1711"]
[BlackElo "1476"]
[PlyCount "47"]
[WhiteFideId "24619787"]
[EventCountry "GER"]
[EventRounds "11"]
[EventType "swiss"]
[EventDate "2003.06.07"]

1. e4 c5 2. Nc3 e6 3. g3 a6 4. Bg2 Qc7 5. d3 Nf6 6. Nge2 Nc6 7. f4 d6 8. h3 Be7
9. O-O b6 10. Be3 Bb7 11. Qd2 O-O 12. g4 Rad8 13. g5 Ne8 14. f5 exf5 15. Nd5
Qb8 16. exf5 Nc7 17. f6 Nxd5 18. Bxd5 gxf6 19. Bxc6 Bxc6 20. gxf6 Bxf6 21. Rxf6
Kh8 22. Qc3 Rd7 23. Rxf7+ Kg8 24. Qg7# 1-0

[Event "DEM U12/U12w 2003"]
[Site "Willingen GER"]
[Date "2003.06.09"]
[Round "3"]
[White "Mazarov, Jürgen"]
[Black "Falke, Isaak"]
[Result "1-0"]
[Termination "normal"]
[Board "15"]
[WhiteElo "1684"]
[BlackElo "1460"]
[PlyCount "107"]
[WhiteFideId "24617768"]
[BlackFideId "24614483"]
[EventCountry "GER"]
[EventRounds "11"]
[EventType "swiss"]
[EventDate "2003.06.07"]

1. e4 d5 2. exd5 Qxd5 3. Nc3 Qd6 4. Nf3 a6 5. Bc4 Nf6 6. d3 Nc6 7. h3 Bf5 8.
Be3 e6 9. O-O O-O-O 10. Qd2 Be7 11. a3 h6 12. b4 g5 13. b5 axb5 14. Nxb5 Qd7
15. Ne5 Qe8 16. Nxc6 bxc6 17. Na7+ Kd7 18. a4 g4 19. Nxc6 Bd6 20. Nxd8 Qxd8 21.
hxg4 Nxg4 22. g3 h5 23. Bg5 f6 24. Bh4 Ne5 25. Kg2 Qa8+ 26. f3 Bg4 27. Qe2 Bf5
28. Bxf6 Ng6 29. Bxh8 Qxh8 30. Rfe1 Qg8 31. Bxe6+ Bxe6 32. Qxe6+ Qxe6 33. Rxe6
Kxe6 34. Rh1 Ne5 35. Rxh5 Nc6 36. Rh6+ Kd5 37. g4 Bf4 38. Rh5+ Kd6 39. a5 Bd2
40. a6 Kd7 41. g5 Bf4 42. g6 Ke7 43. Rf5 Be5 44. Rxe5+ Kf6 45. Rc5 Na7 46. Rxc7
Nb5 47. Rb7 Nc7 48. Rxc7 Kxg6 49. a7 Kf5 50. a8=Q Kf6 51. Qd5 Kg6 52. Rc6+ Kh7
53. Qd7+ Kh8 54. Rc8# 1-0

[Event "DEM U12/U12w 2003"]
[Site "Willingen GER"]
[Date "2003.06.09"]
[Round "3"]
[White "Remy, Janina"]
[Black "Wassilian, Diana"]
[Result "1-0"]
[Termination "normal"]
[Board "16"]
[WhiteElo "1672"]
[BlackElo "1376"]
[PlyCount "171"]
[WhiteFideId "24627348"]
[EventCountry "GER"]
[EventRounds "11"]
[EventType "swiss"]
[EventDate "2003.06.07"]

1. c4 e5 2. Nc3 Nc6 3. g3 d6 4. Bg2 Bd7 5. Nf3 Nf6 6. O-O Be7 7. d4 exd4 8.
Nxd4 h6 9. h3 O-O 10. Be3 Qc8 11. Kh2 Ne5 12. b3 c6 13. Nc2 Bf5 14. Bf4 Rd8 15.
Nd4 Ng6 16. Qd2 Nh5 17. Bxh6 Nf6 18. Bg5 Ne5 19. Nxf5 Qxf5 20. Bxf6 Bxf6 21.
Rac1 Qh5 22. Kg1 g6 23. Ne4 Be7 24. f4 d5 25. cxd5 cxd5 26. Nf2 Nc6 27. Bf3 Qf5
28. Qd3 Qe6 29. Rfd1 d4 30. Qc4 Rac8 31. Qxe6 fxe6 32. Bg4 Kf7 33. Nd3 Ba3 34.
Rc4 b5 35. Rc2 Ne7 36. Ne5+ Kf6 37. Rxc8 Nxc8 38. Nc6 Rd6 39. Nxd4 Bc5 40. e3
Ne7 41. Kf2 e5 42. Nxb5 Rxd1 43. Bxd1 exf4 44. gxf4 Nd5 45. Bf3 Nxe3 46. Ke2
Kf5 47. Nc7 Bb6 48. Nd5 Nxd5 49. Bxd5 Kxf4 50. Be6 g5 51. Kd3 Ke5 52. Bg4 Kd5
53. b4 a5 54. Bf3+ Kd6 55. Kc4 axb4 56. Kxb4 Bf2 57. Kb5 Ke5 58. a4 Kf4 59. Bg4
Be3 60. a5 Bf2 61. a6 Ba7 62. Kc6 Ke5 63. Kb7 Bd4 64. a7 Bxa7 65. Kxa7 Kf6 66.
Kb6 Kg6 67. Kc6 Kf7 68. Kd6 Kf6 69. Kd5 Kg7 70. Ke6 Kg6 71. Ke7 Kg7 72. Bf5 Kh6
73. Kf7 Kh5 74. Kg7 g4 75. hxg4+ Kg5 76. Kh7 Kf6 77. Kh6 Kf7 78. Bh7 Kf8 79. g5
Kf7 80. g6+ Kf8 81. g7+ Kf7 82. g8=Q+ Kf6 83. Qd5 Ke7 84. Bf5 Ke8 85. Qd7+ Kf8
86. Bg6 1-0

[Event "DEM U12/U12w 2003"]
[Site "Willingen GER"]
[Date "2003.06.09"]
[Round "3"]
[White "Heistermann, Till"]
[Black "Kickert, Germaine-Helene"]
[Result "1-0"]
[Termination "normal"]
[Board "17"]
[WhiteElo "1619"]
[BlackElo "1374"]
[PlyCount "57"]
[BlackFideId "24614890"]
[EventCountry "GER"]
[EventRounds "11"]
[EventType "swiss"]
[EventDate "2003.06.07"]

1. e4 e5 2. Nf3 Nc6 3. Bb5 Nd4 4. Nxd4 exd4 5. O-O Bc5 6. d3 Nf6 7. Bg5 h6 8.
Bh4 g5 9. Bg3 c6 10. Bc4 d6 11. Re1 Ng4 12. e5 Nxe5 13. Bxe5 dxe5 14. Rxe5+ Be7
15. Qh5 Rh7 16. Nd2 Kd7 17. Bxf7 Kc7 18. Bb3 Bd7 19. Rae1 Rc8 20. Be6 Kb8 21.
Bxd7 Qxd7 22. a3 Qc7 23. Re6 Rch8 24. Qe2 Bd6 25. Re8+ Rxe8 26. Qxe8+ Qc8 27.
Qxc8+ Kxc8 28. Ne4 Bf8 29. Nxg5 1-0

[Event "DEM U12/U12w 2003"]
[Site "Willingen GER"]
[Date "2003.06.09"]
[Round "3"]
[White "Oltzen, Samuel David"]
[Black "Poetsch, Hagen"]
[Result "0-1"]
[Termination "normal"]
[Board "18"]
[WhiteElo "1367"]
[BlackElo "1611"]
[PlyCount "72"]
[BlackFideId "24615137"]
[EventCountry "GER"]
[EventRounds "11"]
[EventType "swiss"]
[EventDate "2003.06.07"]

1. e4 e6 2. d4 d5 3. exd5 exd5 4. c4 Nf6 5. Nc3 c6 6. Nf3 Bd6 7. Bd3 O-O 8. O-O
dxc4 9. Bxc4 Bg4 10. d5 cxd5 11. Nxd5 Nxd5 12. Bxd5 Qc7 13. h3 Bh5 14. Qb3 Nc6
15. Ng5 Rad8 16. Be3 Na5 17. Qd3 Bg6 18. Qb5 a6 19. Qb6 Bh2+ 20. Kh1 Qxb6 21.
Bxb6 Rxd5 22. Kxh2 Rxg5 23. f4 Rb5 24. b4 Rxb6 25. bxa5 Rb5 26. g4 Be4 27. Rfe1
Bc6 28. Rad1 Rb2+ 29. Kg1 Rg2+ 30. Kf1 Rxa2 31. Rd3 Bb5 32. Ree3 Rd8 33. Kg1
Rxd3 34. Re1 Rg3+ 35. Kh1 Bc6+ 36. Re4 Bxe4# 0-1

[Event "DEM U12/U12w 2003"]
[Site "Willingen GER"]
[Date "2003.06.09"]
[Round "3"]
[White "Wortmann, Jonas"]
[Black "Bradler, Stephan"]
[Result "1-0"]
[Termination "normal"]
[Board "19"]
[WhiteElo "1608"]
[BlackElo "1366"]
[PlyCount "57"]
[WhiteFideId "24628069"]
[BlackFideId "24629367"]
[EventCountry "GER"]
[EventRounds "11"]
[EventType "swiss"]
[EventDate "2003.06.07"]

1. e4 e5 2. Nf3 Nc6 3. Bc4 Bc5 4. b4 Bxb4 5. c3 Bc5 6. d4 exd4 7. cxd4 Bb4+ 8.
Bd2 Bxd2+ 9. Nbxd2 d6 10. O-O Nf6 11. Re1 O-O 12. e5 dxe5 13. dxe5 Nd5 14. Ne4
Nce7 15. Qb3 Nb6 16. Rad1 Qe8 17. Nf6+ gxf6 18. exf6 Nxc4 19. fxe7 Nd6 20.
exf8=Q+ Qxf8 21. Qc3 Nb5 22. Qf6 Be6 23. Re5 h6 24. Rxb5 Rb8 25. Rh5 Qg7 26.
Qh4 f5 27. Rxh6 Rd8 28. Rxd8+ Kf7 29. Rh7 1-0

[Event "DEM U12/U12w 2003"]
[Site "Willingen GER"]
[Date "2003.06.09"]
[Round "3"]
[White "Mertens, Pauline"]
[Black "Schrödter, Thomas"]
[Result "1/2-1/2"]
[Termination "normal"]
[Board "20"]
[WhiteElo "1353"]
[BlackElo "1605"]
[PlyCount "58"]
[WhiteFideId "24671959"]
[EventCountry "GER"]
[EventRounds "11"]
[EventType "swiss"]
[EventDate "2003.06.07"]

1. e4 c5 2. Nf3 Nc6 3. d4 cxd4 4. Nxd4 Nf6 5. Nc3 e5 6. Ndb5 d6 7. Bg5 a6 8.
Na3 b5 9. Nd5 Be7 10. Bxf6 Bxf6 11. c3 Bg5 12. Nc2 O-O 13. h4 Be7 14. g3 Kh8
15. Bg2 Be6 16. Nce3 Rb8 17. O-O Qd7 18. Kh2 Bd8 19. Qd2 Ne7 20. Rfd1 Nxd5 21.
Nxd5 Bb6 22. Nxb6 Rxb6 23. Qe3 Rc6 24. Rd3 Bc4 25. Bh3 Be6 26. Bxe6 fxe6 27.
Rad1 Qe7 28. Kg2 Rd8 29. R1d2 h6 1/2-1/2

[Event "DEM U12/U12w 2003"]
[Site "Willingen GER"]
[Date "2003.06.09"]
[Round "3"]
[White "Weller, Manuel"]
[Black "Geis, Raoul-Marian"]
[Result "1-0"]
[Termination "normal"]
[Board "21"]
[WhiteElo "1593"]
[BlackElo "1315"]
[PlyCount "31"]
[WhiteFideId "24635952"]
[EventCountry "GER"]
[EventRounds "11"]
[EventType "swiss"]
[EventDate "2003.06.07"]

1. d4 d5 2. Nf3 Nf6 3. c4 c6 4. cxd5 cxd5 5. Nc3 Bf5 6. Bg5 Nbd7 7. Qb3 Nb6 8.
e3 Qd6 9. Bf4 Qe6 10. Nb5 Rc8 11. Nc7+ Rxc7 12. Bxc7 g6 13. Bxb6 axb6 14. Bb5+
Nd7 15. Rc1 Kd8 16. Qc3 1-0

[Event "DEM U12/U12w 2003"]
[Site "Willingen GER"]
[Date "2003.06.09"]
[Round "3"]
[White "Kim, Oi-sin"]
[Black "van Orsouw, Svenja"]
[Result "1-0"]
[Termination "normal"]
[Board "22"]
[WhiteElo "1588"]
[BlackElo "1311"]
[PlyCount "21"]
[WhiteFideId "24605778"]
[BlackFideId "24677124"]
[EventCountry "GER"]
[EventRounds "11"]
[EventType "swiss"]
[EventDate "2003.06.07"]

1. e4 c5 2. Nf3 e6 3. d4 cxd4 4. Nxd4 Nc6 5. Nc3 Nf6 6. Be2 g6 7. Bg5 e5 8.
Ndb5 Be7 9. Nd6+ Kf8 10. Bc4 Qb6 11. Bh6+ 1-0

[Event "DEM U12/U12w 2003"]
[Site "Willingen GER"]
[Date "2003.06.09"]
[Round "3"]
[White "Friedt, Edmund"]
[Black "Rafiee, Makan"]
[Result "0-1"]
[Termination "normal"]
[Board "23"]
[WhiteElo "1306"]
[BlackElo "1579"]
[PlyCount "112"]
[WhiteFideId "24629545"]
[BlackFideId "24609340"]
[EventCountry "GER"]
[EventRounds "11"]
[EventType "swiss"]
[EventDate "2003.06.07"]

1. e4 c5 2. Nf3 d6 3. Bb5+ Bd7 4. Bxd7+ Qxd7 5. c4 Nc6 6. d3 e6 7. Nc3 h6 8.
Be3 Nf6 9. O-O Be7 10. Qd2 O-O 11. d4 Ng4 12. dxc5 Nxe3 13. Qxe3 dxc5 14. Rad1
Qc7 15. Rd2 Rfd8 16. Rfd1 Rxd2 17. Rxd2 Rd8 18. h3 Kh7 19. Rxd8 Qxd8 20. Kf1
Nd4 21. g3 Bf6 22. e5 Be7 23. Nxd4 cxd4 24. Qe4+ Kg8 25. Ne2 d3 26. Nc3 Bb4 27.
Ke1 d2+ 28. Kd1 Qb6 29. Qe3 Bc5 30. Qxd2 Bxf2 31. g4 Qd4 32. Nb5 Qxc4 33. Nd6
Qf1+ 34. Kc2 Be1 35. Qd1 Qf2+ 36. Kc1 Qe3+ 37. Kb1 Qxe5 38. Nxb7 Bb4 39. Qd8+
Kh7 40. Qd3+ g6 41. a3 Be7 42. Qd7 Qf6 43. Na5 a6 44. Nc6 Bf8 45. Qe8 Bg7 46.
Kc1 Qxb2+ 47. Kd1 Qb3+ 48. Ke2 Qc2+ 49. Ke3 Qc5+ 50. Ke2 Qf8 51. Qd7 Qxa3 52.
Ne7 Bf6 53. Nc6 Qf8 54. Nb8 Qxb8 55. Qxf7+ Bg7 56. Qxe6 Qe5+ 0-1

[Event "DEM U12/U12w 2003"]
[Site "Willingen GER"]
[Date "2003.06.09"]
[Round "3"]
[White "Moshtael, Wesal"]
[Black "Becher, Anne"]
[Result "1-0"]
[Termination "normal"]
[Board "24"]
[WhiteElo "1578"]
[BlackElo "1294"]
[PlyCount "93"]
[WhiteFideId "24618551"]
[EventCountry "GER"]
[EventRounds "11"]
[EventType "swiss"]
[EventDate "2003.06.07"]

1. Nf3 d5 2. c4 dxc4 3. Qa4+ Bd7 4. Qxc4 Nf6 5. g3 Nc6 6. Bg2 e6 7. O-O Qe7 8.
d4 Qb4 9. Nbd2 Qxc4 10. Nxc4 Bd6 11. Nxd6+ cxd6 12. Bf4 d5 13. Bd6 Ne4 14. Ba3
b5 15. b3 b4 16. Bb2 Rc8 17. Rac1 O-O 18. Ne5 Nxe5 19. Bxe4 dxe4 20. dxe5 Rfd8
21. Rfd1 Bb5 22. Rxc8 Rxc8 23. Rd2 a5 24. h3 a4 25. bxa4 Bxa4 26. Rd4 g6 27.
Rxe4 Rc2 28. Rxb4 Rxe2 29. Rxa4 Rxb2 30. Ra8+ Kg7 31. a4 Ra2 32. Kg2 f5 33. a5
Kf7 34. a6 Ke7 35. a7 Kd7 36. Rh8 Kc6 37. a8=Q+ Rxa8 38. Rxa8 Kd5 39. f4 h5 40.
Rg8 Ke4 41. Rxg6 h4 42. Rxe6 hxg3 43. Kxg3 Ke3 44. h4 Ke4 45. Ra6 Ke3 46. e6
Ke4 47. e7 1-0

[Event "DEM U12/U12w 2003"]
[Site "Willingen GER"]
[Date "2003.06.09"]
[Round "3"]
[White "Gröger, Eric"]
[Black "Miclea, Sebastian"]
[Result "0-1"]
[Termination "normal"]
[Board "26"]
[WhiteElo "1265"]
[BlackElo "1532"]
[PlyCount "132"]
[EventCountry "GER"]
[EventRounds "11"]
[EventType "swiss"]
[EventDate "2003.06.07"]

1. d4 Nf6 2. c4 g6 3. Nc3 d5 4. cxd5 Nxd5 5. e4 Nxc3 6. bxc3 Bg7 7. Bc4 c5 8.
Be3 Nc6 9. Ne2 O-O 10. O-O cxd4 11. cxd4 Bg4 12. f3 Na5 13. Bd3 Be6 14. Bf2 Nc4
15. Rb1 Nb6 16. a4 Rb8 17. a5 Nc8 18. d5 Bd7 19. Bg3 Nd6 20. e5 Nf5 21. Bf4 g5
22. Bxg5 Bxe5 23. Bc2 Qxa5 24. g4 Qc5+ 25. Kh1 Ne3 26. Qd3 Nxc2 27. Bxe7 Qxe7
28. Qxc2 Rbc8 29. Qe4 Bd6 30. Qxe7 Bxe7 31. Rxb7 Rfd8 32. Rxa7 Bc5 33. Rb7 Rb8
34. Rfb1 Rxb7 35. Rxb7 f5 36. Ng3 fxg4 37. Ne4 Bd4 38. fxg4 Bxg4 39. Kg2 Rxd5
40. Kg3 Bc8 41. Rb8 Be5+ 42. Kg2 Bxb8 43. Nf6+ Kf7 44. Nxd5 Bb7 45. Kh3 Bxd5
46. Kg4 Bxh2 47. Kh3 Bd6 48. Kh4 Kg6 49. Kg4 h5+ 50. Kh4 Be7+ 51. Kh3 Be6+ 52.
Kg3 h4+ 53. Kg2 h3+ 54. Kh2 Bd6+ 55. Kg1 h2+ 56. Kf2 h1=Q 57. Ke3 Bc5+ 58. Kd3
Qf3+ 59. Kd2 Qe3+ 60. Kc2 Bf5+ 61. Kb2 Bd4+ 62. Ka2 Be6+ 63. Kb1 Qd3+ 64. Kc1
Be3+ 65. Kb2 Qb3+ 66. Ka1 Bd4# 0-1

[Event "DEM U12/U12w 2003"]
[Site "Willingen GER"]
[Date "2003.06.09"]
[Round "3"]
[White "Penne, Bo"]
[Black "Khramoy, Gennadiy"]
[Result "0-1"]
[Termination "normal"]
[Board "27"]
[WhiteElo "1226"]
[BlackElo "1517"]
[PlyCount "122"]
[WhiteFideId "24642193"]
[EventCountry "GER"]
[EventRounds "11"]
[EventType "swiss"]
[EventDate "2003.06.07"]

1. e4 e6 2. d4 d5 3. exd5 exd5 4. c4 c6 5. Nf3 Nf6 6. Nc3 Bb4 7. a3 Be7 8. Bd3
Bg4 9. h3 Bxf3 10. Qxf3 dxc4 11. Bxc4 Qxd4 12. Bd3 Nbd7 13. Bf4 Ne5 14. Bxe5
Qxe5+ 15. Be2 h6 16. Rb1 Rd8 17. h4 Qe6 18. Qg3 g6 19. Kf1 Qf5 20. Qe3 Nd5 21.
Qe4 Qxe4 22. Nxe4 Nf4 23. Bc4 Rd4 24. Re1 O-O 25. Nd2 Bc5 26. Re4 Rxd2 27. Ke1
Rd4 28. Rxd4 Bxd4 29. b4 Re8+ 30. Kf1 Bc3 31. Kg1 Re1+ 32. Kh2 Rxh1+ 33. Kxh1
Bb2 34. a4 a6 35. Kg1 Bc3 36. b5 axb5 37. axb5 c5 38. g3 Ne6 39. Kf1 b6 40. Ke2
Nd4+ 41. Kd3 Be1 42. Ke3 Kf8 43. g4 Ke7 44. h5 Kf6 45. f3 Nc2+ 46. Ke4 Na3 47.
Be2 gxh5 48. gxh5 Ke6 49. Kd3 Kd5 50. f4 Nxb5 51. Bf3+ Kd6 52. Kc4 Nd4 53. Bg2
b5+ 54. Kd3 f5 55. Ke3 b4 56. Bb7 b3 57. Kd3 b2 58. Ke3 b1=Q 59. Bd5 Qc1+ 60.
Kd3 Qd2+ 61. Kc4 Qc3# 0-1

[Event "DEM U12/U12w 2003"]
[Site "Willingen GER"]
[Date "2003.06.09"]
[Round "3"]
[White "Jannes, Alexander"]
[Black "Büchner, Felix"]
[Result "1/2-1/2"]
[Termination "normal"]
[Board "28"]
[WhiteElo "1515"]
[BlackElo "1229"]
[PlyCount "52"]
[WhiteFideId "4647955"]
[EventCountry "GER"]
[EventRounds "11"]
[EventType "swiss"]
[EventDate "2003.06.07"]

1. d4 d5 2. c4 e6 3. Nc3 Nf6 4. Bg5 Be7 5. Nf3 c6 6. cxd5 cxd5 7. e3 a6 8. Bd3
Nc6 9. a3 Bd7 10. Rb1 Rc8 11. Rc1 Na5 12. Ne5 b5 13. Qc2 h6 14. Bg6 O-O 15.
Nxd7 Nxd7 16. Bxe7 Qxe7 17. Bd3 Nb6 18. O-O Rc7 19. h3 Rfc8 20. f4 Nac4 21.
Rfe1 Nxa3 22. bxa3 Rxc3 23. Qxc3 Rxc3 24. Rxc3 g6 25. Rec1 Kg7 26. R1c2 Na4
1/2-1/2

[Event "DEM U12/U12w 2003"]
[Site "Willingen GER"]
[Date "2003.06.09"]
[Round "3"]
[White "Rath, Oliver"]
[Black "Stelter, Frederik"]
[Result "1-0"]
[Termination "normal"]
[Board "29"]
[WhiteElo "1513"]
[BlackElo "1157"]
[PlyCount "63"]
[WhiteFideId "24610380"]
[EventCountry "GER"]
[EventRounds "11"]
[EventType "swiss"]
[EventDate "2003.06.07"]

1. e4 e5 2. Nc3 Bc5 3. Bc4 Nc6 4. d3 Nge7 5. Nf3 d6 6. Bg5 f6 7. Bh4 Bg4 8. h3
Bh5 9. Qd2 Qd7 10. Bb5 O-O-O 11. Nd5 Qe6 12. Bc4 Qd7 13. a4 Nxd5 14. exd5 Nd4
15. Nxd4 Bxd4 16. c3 g5 17. Bg3 Bxc3 18. bxc3 Rhe8 19. O-O Qg7 20. Qb2 f5 21.
Ba6 bxa6 22. Rab1 Kd7 23. Qb7 Rc8 24. Qxa6 f4 25. Bh2 g4 26. hxg4 Bxg4 27. f3
Bh3 28. Rf2 Rg8 29. Rbb2 Qg6 30. Qb5+ Ke7 31. Qc4 Rb8 32. Qxc7+ 1-0